Judas Tadeo Landínez y la primera bancarrota colombiana, 1842 / (Registro nro. 7897)

Detalles MARC
000 -LEADER
fixed length control field 01166nam a2200241Ia 4500
003 - CONTROL NUMBER IDENTIFIER
control field OSt
005 - DATE AND TIME OF LATEST TRANSACTION
control field 20210521125702.0
008 - FIXED-LENGTH DATA ELEMENTS--GENERAL INFORMATION
fixed length control field 210310s1981 c gr 000 0 s d
040 ## - CATALOGING SOURCE
Original cataloging agency CO-JMCR
Transcribing agency CO-JMCR
041 0# - LANGUAGE CODE
Language code of text/sound track or separate title spa
082 04 - DEWEY DECIMAL CLASSIFICATION NUMBER
Classification number 336.368 /
Item number A662j
Edition number 23
100 1# - MAIN ENTRY--PERSONAL NAME
Personal name Arango Jaramillo, Mario,
9 (RLIN) 4803
Relator term autor
245 10 - TITLE STATEMENT
Title Judas Tadeo Landínez y la primera bancarrota colombiana, 1842 /
Statement of responsibility, etc. Mario Arango Jaramillo
250 ## - EDITION STATEMENT
Edition statement Primera edición
260 ## - PUBLICATION, DISTRIBUTION, ETC.
Place of publication, distribution, etc. Medellín :
Name of publisher, distributor, etc. Hombre Nuevo,
Date of publication, distribution, etc. 1981
300 ## - PHYSICAL DESCRIPTION
Extent 207 páginas ;
Dimensions 19 cm.
500 ## - GENERAL NOTE
General note Incluye notas a pie de página y datos biográficos del auto.
505 0# - FORMATTED CONTENTS NOTE
Formatted contents note El legado monetario y crediticio colonial -- Devaluación y papel moneda: armas de la independencia -- Iniciación de la república: pobreza, negociados y fraudes monetarios -- Con devaluación y especulación irrumpen los traficantes de dinero -- Landinez: un Rothscild criollo, en un pequeño Londres -- Post-Landinez: rudimentarias cajas de ahorro
650 14 - SUBJECT ADDED ENTRY--TOPICAL TERM
Topical term or geographic name entry element Quiebra
9 (RLIN) 15758
General subdivision Historia
Geographic subdivision Colombia
650 24 - SUBJECT ADDED ENTRY--TOPICAL TERM
Topical term or geographic name entry element Crisis financiera
Chronological subdivision 1842
Geographic subdivision Colombia
9 (RLIN) 37775
651 #4 - SUBJECT ADDED ENTRY--GEOGRAPHIC NAME
Geographic name Colombia
General subdivision Condiciones económicas
Chronological subdivision 1842
9 (RLIN) 37776
942 ## - ADDED ENTRY ELEMENTS (KOHA)
Source of classification or shelving scheme Dewey Decimal Classification
Koha item type Books
Existencias
Withdrawn status Lost status Source of classification or shelving scheme Damaged status Not for loan Collection code Home library Current library Date acquired Source of acquisition Full call number Barcode Date last seen Copy number Koha item type
    Dewey Decimal Classification     Non-fiction Biblioteca Pública José María del Castillo y Rada Biblioteca Pública José María del Castillo y Rada 04/15/2018 Donación 336.368 / A662j 430003351 01/13/2025 Ej.1 Books